| 000 | 01531nmm a2200301 i 4500 | ||
|---|---|---|---|
| 001 | 174903 | ||
| 003 | ES-MaACL | ||
| 005 | 20251011063155.0 | ||
| 008 | 100623s2003 sp m |c | o001 0dspa d | ||
| 080 | _a929 Salazar y Castro, Luis de | ||
| 080 | _a017.1(460.27 M.) | ||
| 100 | 0 |
_aVargas-Zúñiga y Montero de Espinosa, Antonio de, _cMarqués de Siete Iglesias _9113220 |
|
| 245 | 1 | 0 |
_aÍndice de la colección de Don Luis de Salazar y Castro _b: Madrid, 1949-1979 (49 v.) [ _hRecurso electrónico] / _cformado por Antonio de Vargas Zúñiga y Montero de Espinosa, Marqués de Siete Iglesias, y Baltasar Cuartero y Huerta. |
| 246 | 3 |
_aCatálogo de la Colección Salazar y Castro _b: índice [ _hRecurso electrónico] |
|
| 246 | 3 | 8 |
_aColección Salazar y Castro _b: índice [ _hCD-ROM] |
| 256 | _aDatos. | ||
| 260 |
_a[Bilbao] : _bDirección de Patrimonio Cultural, _c[2003] |
||
| 300 |
_a1 disco (CD-ROM) ; _c12 cm. |
||
| 594 | _aEn la pantalla del tít.: IRARGI, Centro de Patrimonio Documental de Euskadi ; Real Academia de la Historia. | ||
| 600 | 1 | 4 |
_aSalazar y Castro, Luis de, _d1658-1734- _xArchivo- _vCatálogos _9101832 |
| 610 | 2 | 4 |
_aReal Academia de la Historia (España). _bBiblioteca- _vCatálogos. _96313 |
| 700 | 1 |
_aCuartero y Huerta, Baltasar. _941919 |
|
| 710 | 2 |
_aReal Academia de la Historia (España) _96309 |
|
| 710 | 2 |
_aCentro de Patrimonio Documental de Euskadi. _9143168 |
|
| 852 | 4 |
_aES-MaACL _jROT 2/6/5 |
|
| 852 | 4 |
_aES-MaACL _jROT 2/6/6 |
|
| 999 |
_c174903 _d174903 |
||